[Event "ABC 2024 Utrecht, Groep A"]
[Site "Utrecht"]
[Date "2024.03.09"]
[Round "4.1"]
[White "Smeets, Kobe"]
[Black "Zhu, Chenwu"]
[Result "1-0"]
[WhiteElo "2244"]
[BlackElo "2042"]

1. e4 {[%clk 00:55:18]} {[%emt 00:00:01]} e5 {[%clk 00:55:09]} {[%emt
00:00:11]} 2. Nf3 {[%clk 00:55:15]} {[%emt 00:00:14]} Nc6 {[%clk 00:55:15]}
{[%emt 00:00:04]} 3. Bb5 {[%clk 00:55:18]} {[%emt 00:00:06]} a6 {[%clk
00:55:19]} {[%emt 00:00:07]} 4. Ba4 {[%clk 00:55:27]} {[%emt 00:00:01]} Nf6
{[%clk 00:55:22]} {[%emt 00:00:06]} 5. O-O {[%clk 00:55:31]} {[%emt 00:00:06]}
b5 {[%clk 00:55:19]} {[%emt 00:00:14]} 6. Bb3 {[%clk 00:55:40]} {[%emt
00:00:01]} Be7 {[%clk 00:54:52]} {[%emt 00:00:36]} 7. Re1 {[%clk 00:55:42]}
{[%emt 00:00:08]} O-O {[%clk 00:54:53]} {[%emt 00:00:09]} 8. a4 {[%clk
00:55:49]} {[%emt 00:00:04]} Bb7 {[%clk 00:54:15]} {[%emt 00:00:49]} 9. d3
{[%clk 00:55:58]} d6 {[%clk 00:49:37]} {[%emt 00:04:48]} 10. Bd2 {[%clk
00:56:06]} {[%emt 00:00:01]} d5 {[%clk 00:42:30]} {[%emt 00:07:17]} 11. exd5
{[%clk 00:54:10]} {[%emt 00:02:06]} Nxd5 {[%clk 00:41:45]} {[%emt 00:00:56]} 12.
axb5 {[%clk 00:52:56]} {[%emt 00:01:23]} axb5 {[%clk 00:41:05]} {[%emt
00:00:51]} 13. Ra3 Ra7 14. Rxa7 Ba8 {[%clk 00:41:05]} 15. Ra1 {[%emt 00:00:42]}
Bb7 16. Ra8 {[%clk 00:52:22]} {[%emt 00:00:01]} Bxa8 {[%clk 00:41:11]} {[%emt
00:00:05]} 17. Nc3 {[%clk 00:47:18]} {[%emt 00:05:13]} Nxc3 {[%clk 00:36:10]}
{[%emt 00:05:12]} 18. Bxc3 {[%clk 00:47:25]} {[%emt 00:00:02]} b4 {[%clk
00:30:12]} {[%emt 00:06:09]} 19. Bxe5 {[%clk 00:46:57]} {[%emt 00:00:37]} Nxe5
{[%clk 00:29:29]} {[%emt 00:00:54]} 20. Nxe5 {[%clk 00:46:55]} {[%emt
00:00:11]} Bf6 {[%clk 00:28:27]} {[%emt 00:01:12]} 21. Qg4 {[%clk 00:44:16]}
{[%emt 00:02:49]} Bxe5 {[%clk 00:20:16]} {[%emt 00:08:22]} 22. Rxe5 {[%clk
00:44:24]} {[%emt 00:00:01]} Qf6 {[%clk 00:19:22]} {[%emt 00:01:05]} 23. d4
{[%clk 00:42:06]} {[%emt 00:02:27]} g6 {[%clk 00:17:51]} {[%emt 00:01:41]} 24.
h4 {[%clk 00:38:13]} {[%emt 00:04:04]} Kh8 {[%clk 00:14:55]} {[%emt 00:03:06]}
25. Rc5 {[%clk 00:26:05]} {[%emt 00:12:17]} Qd6 {[%clk 00:11:00]} {[%emt
00:04:05]} 26. Re5 {[%clk 00:19:46]} {[%emt 00:06:29]} Qf6 {[%clk 00:09:13]}
{[%emt 00:01:57]} 27. Qg5 {[%clk 00:19:13]} {[%emt 00:00:43]} Qc6 {[%clk
00:07:36]} {[%emt 00:01:48]} 28. Rc5 {[%clk 00:17:41]} {[%emt 00:01:41]} f6
{[%clk 00:03:48]} {[%emt 00:03:58]} 29. Rxc6 {[%clk 00:14:39]} {[%emt
00:03:13]} fxg5 {[%clk 00:03:57]} 30. Rxc7 {[%clk 00:14:39]} {[%emt 00:00:10]}
gxh4 {[%clk 00:04:05]} {[%emt 00:00:02]} 31. d5 {[%clk 00:14:40]} {[%emt
00:00:08]} Rd8 {[%clk 00:03:24]} {[%emt 00:00:51]} 32. Rc5 {[%clk 00:11:33]}
{[%emt 00:03:17]} Kg7 {[%clk 00:02:35]} {[%emt 00:01:00]} 33. Rb5 {[%clk
00:11:37]} {[%emt 00:00:05]} Rd7 {[%clk 00:02:25]} {[%emt 00:00:21]} 34. Rxb4
{[%clk 00:10:08]} {[%emt 00:01:39]} Bxd5 {[%clk 00:02:23]} {[%emt 00:00:12]} 35.
Ba4 {[%clk 00:09:50]} {[%emt 00:00:27]} Re7 {[%clk 00:01:35]} {[%emt 00:00:58]}
36. Rxh4 {[%clk 00:09:24]} {[%emt 00:00:35]} Re1+ {[%clk 00:01:35]} {[%emt
00:00:11]} 37. Kh2 {[%clk 00:09:34]} {[%emt 00:00:02]} Re2 {[%clk 00:01:33]}
{[%emt 00:00:11]} 38. Rd4 {[%clk 00:08:21]} {[%emt 00:01:22]} Be6 {[%clk
00:01:09]} {[%emt 00:00:34]} 39. f3 {[%clk 00:07:29]} {[%emt 00:01:03]} Bf5
{[%clk 00:00:46]} {[%emt 00:00:32]} 40. Rc4 {[%clk 00:07:02]} {[%emt 00:00:37]}
h5 {[%clk 00:00:45]} {[%emt 00:00:12]} 41. b4 {[%clk 00:05:40]} {[%emt
00:01:32]} h4 {[%clk 00:00:43]} {[%emt 00:00:11]} 42. Rxh4 {[%clk 00:05:08]}
{[%emt 00:00:42]} Bxc2 {[%emt 00:00:32]} 43. Bc6 {[%clk 00:04:49]} Bf5 {[%clk
00:00:29]} {[%emt 00:00:32]} 44. b5 {[%emt 00:00:32]} Rb2 {[%clk 00:00:38]} 45.
Rd4 {[%clk 00:04:21]} {[%emt 00:00:16]} Kf6 {[%clk 00:00:41]} {[%emt 00:00:08]}
46. Kg3 {[%clk 00:03:36]} {[%emt 00:00:54]} g5 {[%clk 00:00:40]} {[%emt
00:00:12]} 47. Rd8 {[%clk 00:03:26]} {[%emt 00:00:20]} Ke5 {[%clk 00:00:24]}
{[%emt 00:00:26]} 48. Rb8 {[%clk 00:03:06]} {[%emt 00:00:29]} Bd3 {[%clk
00:00:27]} {[%emt 00:00:06]} 49. b6 {[%clk 00:01:08]} {[%emt 00:02:09]} Bf1
{[%clk 00:00:35]} {[%emt 00:00:03]} 50. Kg4 {[%clk 00:00:19]} {[%emt 00:00:59]}
Kd6 {[%clk 00:00:31]} {[%emt 00:00:14]} 51. Be4 {[%clk 00:00:26]} {[%emt
00:00:03]} Rxg2+ {[%clk 00:00:32]} {[%emt 00:00:09]} 52. Kf5 {[%clk 00:00:34]}
{[%emt 00:00:02]} Rb2 {[%clk 00:00:12]} {[%emt 00:00:29]} 53. b7 {[%clk
00:00:40]} {[%emt 00:00:04]} Bh3+ {[%clk 00:00:20]} {[%emt 00:00:02]} 54. Kxg5
{[%clk 00:00:39]} {[%emt 00:00:12]} Kc7 {[%clk 00:00:17]} {[%emt 00:00:13]} 55.
Rh8 {[%clk 00:00:36]} {[%emt 00:00:13]} Bd7 {[%clk 00:00:21]} {[%emt 00:00:05]}
56. f4 {[%clk 00:00:33]} {[%emt 00:00:13]} Rb5+ {[%clk 00:00:16]} {[%emt
00:00:15]} 57. Kg6 {[%clk 00:00:14]} {[%emt 00:00:30]} Rb6+ {[%clk 00:00:20]}
{[%emt 00:00:06]} 58. Kg7 {[%clk 00:00:18]} {[%emt 00:00:05]} Rb4 {[%clk
00:00:23]} {[%emt 00:00:06]} 59. Rf8 {[%clk 00:00:19]} {[%emt 00:00:10]} Rb5
{[%clk 00:00:22]} {[%emt 00:00:12]} 60. Kg6 {[%clk 00:00:16]} {[%emt 00:00:13]}
Rb6+ {[%clk 00:00:16]} {[%emt 00:00:15]} 61. Kg5 {[%clk 00:00:25]} {[%emt
00:00:01]} Rb4 {[%clk 00:00:18]} {[%emt 00:00:08]} 62. Bf3 {[%clk 00:00:13]}
{[%emt 00:00:22]} Rb5+ {[%clk 00:00:19]} {[%emt 00:00:10]} 63. f5 {[%clk
00:00:18]} {[%emt 00:00:05]} Rb3 {[%clk 00:00:11]} {[%emt 00:00:17]} 64. Be4
{[%clk 00:00:18]} {[%emt 00:00:10]} 1-0

[Event "ABC 2024 Utrecht, Groep A"]
[Site "Utrecht"]
[Date "2024.03.09"]
[Round "4.2"]
[White "Khatniuk, Anastasiia"]
[Black "Van Hesselingen, Guido"]
[Result "0-1"]
[WhiteElo "1980"]
[BlackElo "2023"]

1. e4 {[%clk 00:55:18]} {[%emt 00:00:01]} e5 {[%clk 00:55:15]} {[%emt
00:00:05]} 2. Nf3 {[%clk 00:55:23]} {[%emt 00:00:05]} Nc6 {[%clk 00:55:20]}
{[%emt 00:00:06]} 3. Bb5 {[%clk 00:55:29]} {[%emt 00:00:04]} a6 {[%clk
00:55:25]} {[%emt 00:00:04]} 4. Ba4 {[%clk 00:55:36]} {[%emt 00:00:04]} Nf6
{[%clk 00:55:29]} {[%emt 00:00:06]} 5. O-O {[%clk 00:55:39]} {[%emt 00:00:06]}
Be7 {[%clk 00:55:31]} {[%emt 00:00:08]} 6. Re1 {[%clk 00:55:43]} {[%emt
00:00:06]} b5 {[%clk 00:55:37]} {[%emt 00:00:04]} 7. Bb3 {[%clk 00:55:50]}
{[%emt 00:00:03]} d6 {[%clk 00:55:33]} {[%emt 00:00:14]} 8. a4 {[%clk
00:54:50]} {[%emt 00:01:11]} Bg4 {[%clk 00:55:15]} {[%emt 00:00:28]} 9. c3
{[%clk 00:53:44]} {[%emt 00:01:15]} O-O {[%clk 00:55:04]} {[%emt 00:00:20]} 10.
d3 {[%clk 00:53:16]} {[%emt 00:00:40]} Na5 {[%clk 00:54:36]} {[%emt 00:00:37]}
11. Bc2 {[%clk 00:53:07]} {[%emt 00:00:19]} c5 {[%clk 00:54:30]} {[%emt
00:00:17]} 12. h3 {[%clk 00:51:33]} {[%emt 00:01:43]} Be6 {[%clk 00:52:01]}
{[%emt 00:02:39]} 13. Bd2 {[%clk 00:50:53]} {[%emt 00:00:51]} Qb6 {[%clk
00:48:24]} {[%emt 00:03:46]} 14. b4 {[%clk 00:48:44]} {[%emt 00:02:19]} Nc6
{[%clk 00:44:48]} {[%emt 00:03:46]} 15. Be3 {[%clk 00:41:49]} {[%emt 00:07:06]}
Qb7 {[%clk 00:40:02]} {[%emt 00:04:55]} 16. bxc5 {[%clk 00:40:49]} {[%emt
00:01:10]} dxc5 {[%clk 00:40:06]} {[%emt 00:00:07]} 17. Ng5 {[%clk 00:40:26]}
{[%emt 00:00:33]} Bc8 {[%clk 00:32:41]} {[%emt 00:07:35]} 18. f4 {[%clk
00:35:52]} {[%emt 00:04:44]} Rd8 {[%clk 00:30:11]} {[%emt 00:02:40]} 19. Qe2
{[%clk 00:34:30]} {[%emt 00:01:31]} h6 {[%clk 00:27:04]} {[%emt 00:03:18]} 20.
Nf3 {[%clk 00:34:20]} {[%emt 00:00:20]} exf4 {[%clk 00:26:51]} {[%emt
00:00:23]} 21. Bxf4 {[%clk 00:34:22]} {[%emt 00:00:08]} b4 {[%clk 00:25:14]}
{[%emt 00:01:47]} 22. cxb4 {[%clk 00:28:45]} {[%emt 00:05:47]} Nxb4 {[%clk
00:23:15]} {[%emt 00:02:08]} 23. Na3 {[%clk 00:24:06]} {[%emt 00:04:50]} Be6
{[%clk 00:22:19]} {[%emt 00:01:06]} 24. Rab1 {[%clk 00:22:45]} {[%emt
00:01:31]} Qa7 {[%clk 00:20:35]} {[%emt 00:01:54]} 25. Be3 {[%clk 00:21:03]}
{[%emt 00:01:52]} Qc7 {[%clk 00:20:28]} {[%emt 00:00:17]} 26. Nc4 {[%clk
00:19:44]} {[%emt 00:01:29]} Bxc4 {[%clk 00:17:11]} {[%emt 00:03:27]} 27. dxc4
{[%clk 00:19:48]} {[%emt 00:00:06]} Nd7 {[%clk 00:16:32]} {[%emt 00:00:48]} 28.
Rbd1 {[%clk 00:16:38]} {[%emt 00:03:20]} Bf6 {[%clk 00:15:34]} {[%emt
00:01:08]} 29. Bb1 {[%clk 00:15:43]} {[%emt 00:01:06]} Nb6 {[%clk 00:13:43]}
{[%emt 00:02:01]} 30. a5 {[%clk 00:14:01]} {[%emt 00:01:52]} Nd7 {[%clk
00:12:41]} {[%emt 00:01:12]} 31. Qf2 {[%clk 00:13:47]} {[%emt 00:00:24]} Rac8
{[%clk 00:11:08]} {[%emt 00:01:43]} 32. Bc1 {[%clk 00:11:14]} {[%emt 00:02:43]}
Ne5 {[%clk 00:08:40]} {[%emt 00:02:38]} 33. Nxe5 {[%clk 00:10:43]} {[%emt
00:00:41]} Bxe5 {[%clk 00:08:40]} {[%emt 00:00:10]} 34. Qf5 {[%clk 00:10:09]}
{[%emt 00:00:44]} Bd4+ {[%clk 00:07:20]} {[%emt 00:01:31]} 35. Kh1 {[%clk
00:09:57]} {[%emt 00:00:22]} Qe5 {[%clk 00:06:23]} {[%emt 00:01:06]} 36. Qg4
{[%clk 00:07:58]} {[%emt 00:02:09]} Qe6 {[%clk 00:05:56]} {[%emt 00:00:37]} 37.
Qg3 {[%clk 00:05:36]} {[%emt 00:02:32]} Be5 {[%clk 00:04:49]} {[%emt 00:01:16]}
38. Rxd8+ {[%clk 00:05:40]} {[%emt 00:00:06]} Rxd8 {[%clk 00:04:54]} {[%emt
00:00:05]} 39. Qh4 {[%clk 00:05:46]} {[%emt 00:00:04]} Rd6 {[%clk 00:04:32]}
{[%emt 00:00:33]} 40. Bf4 {[%clk 00:04:49]} {[%emt 00:01:08]} g5 {[%clk
00:04:17]} {[%emt 00:00:24]} 41. Bxg5 {[%clk 00:04:49]} {[%emt 00:00:10]} hxg5
{[%clk 00:04:25]} {[%emt 00:00:02]} 42. Qxg5+ {[%clk 00:04:57]} {[%emt
00:00:02]} Kf8 {[%clk 00:04:10]} {[%emt 00:00:24]} 43. h4 {[%clk 00:04:30]}
{[%emt 00:00:38]} Qf6 {[%clk 00:04:02]} {[%emt 00:00:18]} 44. Qg4 {[%clk
00:03:20]} {[%emt 00:01:19]} Qf4 {[%clk 00:03:49]} {[%emt 00:00:24]} 45. Qxf4
{[%clk 00:03:17]} {[%emt 00:00:12]} Bxf4 {[%clk 00:03:58]} {[%emt 00:00:02]} 46.
Rf1 {[%clk 00:03:26]} {[%emt 00:00:01]} Bg3 {[%clk 00:03:32]} {[%emt 00:00:36]}
47. h5 {[%clk 00:03:20]} {[%emt 00:00:16]} Kg7 {[%clk 00:03:28]} {[%emt
00:00:13]} 48. Kg1 {[%clk 00:03:07]} {[%emt 00:00:24]} Rd2 {[%clk 00:03:02]}
{[%emt 00:00:36]} 49. e5 {[%clk 00:02:06]} {[%emt 00:01:11]} Re2 {[%clk
00:02:38]} {[%emt 00:00:34]} 50. Bf5 {[%clk 00:01:42]} {[%emt 00:00:34]} Rxe5
{[%clk 00:02:36]} {[%emt 00:00:12]} 51. Bc8 {[%clk 00:01:23]} {[%emt 00:00:29]}
Re4 {[%clk 00:01:53]} {[%emt 00:00:54]} 52. Rc1 {[%clk 00:01:24]} {[%emt
00:00:08]} Kh6 {[%clk 00:01:38]} {[%emt 00:00:25]} 53. Bb7 {[%clk 00:01:23]}
{[%emt 00:00:11]} Rd4 {[%clk 00:01:13]} {[%emt 00:00:35]} 54. Bf3 {[%clk
00:01:24]} {[%emt 00:00:09]} Na2 {[%clk 00:01:10]} {[%emt 00:00:13]} 55. Rf1
{[%clk 00:00:55]} {[%emt 00:00:39]} f5 {[%clk 00:00:57]} {[%emt 00:00:23]} 56.
Bd1 {[%clk 00:00:23]} {[%emt 00:00:42]} Nc3 {[%clk 00:00:55]} {[%emt 00:00:12]}
57. Bf3 {[%clk 00:00:31]} {[%emt 00:00:01]} Rxc4 {[%clk 00:00:53]} {[%emt
00:00:13]} 58. Ra1 {[%clk 00:00:40]} {[%emt 00:00:01]} Rd4 {[%clk 00:00:55]}
{[%emt 00:00:08]} 59. Kf1 {[%clk 00:00:47]} {[%emt 00:00:03]} c4 {[%clk
00:01:02]} {[%emt 00:00:04]} 60. Bb7 {[%clk 00:00:52]} {[%emt 00:00:05]} Rd6
{[%clk 00:01:01]} {[%emt 00:00:10]} 61. Rc1 {[%clk 00:00:57]} {[%emt 00:00:05]}
Be5 {[%clk 00:01:02]} {[%emt 00:00:08]} 62. Kf2 {[%clk 00:00:50]} {[%emt
00:00:17]} Kxh5 {[%clk 00:01:04]} {[%emt 00:00:09]} 63. Re1 {[%clk 00:00:28]}
{[%emt 00:00:31]} Bf6 {[%clk 00:00:53]} {[%emt 00:00:21]} 64. Bf3+ {[%clk
00:00:27]} {[%emt 00:00:12]} Kg5 {[%clk 00:00:59]} {[%emt 00:00:04]} 65. Bb7
{[%clk 00:00:30]} {[%emt 00:00:06]} Nb5 {[%clk 00:00:49]} {[%emt 00:00:21]} 66.
Rc1 {[%clk 00:00:20]} {[%emt 00:00:20]} c3 {[%clk 00:00:56]} {[%emt 00:00:03]}
67. Ke2 {[%clk 00:00:26]} {[%emt 00:00:05]} f4 {[%clk 00:00:51]} {[%emt
00:00:14]} 68. Kf3 {[%clk 00:00:30]} {[%emt 00:00:06]} c2 {[%clk 00:00:50]}
{[%emt 00:00:11]} 69. Kf2 {[%clk 00:00:28]} {[%emt 00:00:11]} Na3 {[%clk
00:00:40]} {[%emt 00:00:21]} 70. Ke2 {[%clk 00:00:22]} {[%emt 00:00:15]} Bb2
{[%emt 00:00:14]} 0-1

[Event "ABC 2024 Utrecht, Groep A"]
[Site "Utrecht"]
[Date "2024.03.09"]
[Round "4.3"]
[White "Blom, Rens"]
[Black "Knol, Daniel"]
[Result "1-0"]
[WhiteElo "1921"]
[BlackElo "1957"]

1. c4 {[%clk 00:55:17]} {[%emt 00:00:03]} e6 {[%clk 00:55:14]} {[%emt
00:00:06]} 2. e4 {[%clk 00:55:21]} {[%emt 00:00:06]} c5 {[%clk 00:55:19]}
{[%emt 00:00:05]} 3. Nc3 {[%clk 00:55:21]} {[%emt 00:00:10]} Nc6 {[%clk
00:55:24]} {[%emt 00:00:05]} 4. g3 {[%clk 00:54:57]} {[%emt 00:00:34]} Nf6
{[%clk 00:55:21]} {[%emt 00:00:12]} 5. Bg2 {[%clk 00:55:01]} {[%emt 00:00:06]}
Be7 {[%clk 00:53:47]} {[%emt 00:01:43]} 6. Nge2 {[%clk 00:55:02]} {[%emt
00:00:09]} O-O {[%clk 00:52:12]} {[%emt 00:01:46]} 7. O-O {[%clk 00:54:59]}
{[%emt 00:00:12]} b6 {[%clk 00:45:30]} {[%emt 00:06:53]} 8. d4 {[%clk
00:49:01]} {[%emt 00:06:08]} cxd4 {[%clk 00:44:10]} {[%emt 00:01:30]} 9. Nxd4
{[%clk 00:48:55]} {[%emt 00:00:16]} Nxd4 {[%clk 00:39:17]} {[%emt 00:05:03]} 10.
Qxd4 {[%clk 00:49:02]} {[%emt 00:00:03]} Bc5 {[%clk 00:39:06]} {[%emt
00:00:21]} 11. Qd3 {[%clk 00:46:49]} {[%emt 00:02:23]} Bb7 {[%clk 00:38:27]}
{[%emt 00:00:49]} 12. Bg5 {[%clk 00:42:28]} {[%emt 00:04:32]} h6 {[%clk
00:27:00]} {[%emt 00:11:36]} 13. Bxf6 {[%clk 00:40:46]} {[%emt 00:01:53]} gxf6
{[%clk 00:27:02]} {[%emt 00:00:07]} 14. Rfd1 {[%clk 00:38:18]} {[%emt
00:02:38]} Bc6 {[%clk 00:26:40]} {[%emt 00:00:32]} 15. a3 {[%clk 00:32:45]}
{[%emt 00:05:44]} a5 {[%clk 00:26:26]} {[%emt 00:00:23]} 16. Nb5 {[%clk
00:25:45]} {[%emt 00:07:10]} Bxb5 {[%clk 00:17:05]} {[%emt 00:09:31]} 17. cxb5
{[%clk 00:25:53]} {[%emt 00:00:02]} d6 {[%clk 00:15:47]} {[%emt 00:01:28]} 18.
Qd2 {[%clk 00:24:24]} {[%emt 00:01:39]} e5 {[%clk 00:11:20]} {[%emt 00:04:37]}
19. Qxh6 {[%clk 00:23:28]} {[%emt 00:01:06]} Qe7 {[%clk 00:07:00]} {[%emt
00:04:30]} 20. Bh3 {[%clk 00:20:58]} {[%emt 00:02:40]} f5 {[%clk 00:06:58]}
{[%emt 00:00:13]} 21. exf5 {[%clk 00:20:01]} {[%emt 00:01:07]} f6 {[%clk
00:06:55]} {[%emt 00:00:13]} 22. Bg2 {[%clk 00:19:51]} {[%emt 00:00:20]} e4
{[%clk 00:06:13]} {[%emt 00:00:52]} 23. Qg6+ {[%clk 00:17:38]} {[%emt
00:02:23]} Kh8 {[%clk 00:05:58]} {[%emt 00:00:25]} 24. Qh5+ {[%clk 00:17:26]}
{[%emt 00:00:21]} Qh7 {[%clk 00:05:35]} {[%emt 00:00:33]} 25. Qxh7+ {[%clk
00:17:18]} {[%emt 00:00:18]} Kxh7 {[%clk 00:05:44]} 26. Bxe4 {[%clk 00:17:19]}
{[%emt 00:00:09]} Rae8 {[%clk 00:05:41]} {[%emt 00:00:11]} 27. Bf3 {[%clk
00:16:02]} {[%emt 00:01:29]} Re5 {[%clk 00:05:34]} {[%emt 00:00:17]} 28. Rab1
{[%clk 00:14:04]} {[%emt 00:02:08]} Rfe8 {[%clk 00:04:26]} {[%emt 00:01:18]} 29.
b4 {[%clk 00:12:07]} {[%emt 00:02:08]} axb4 {[%clk 00:04:23]} {[%emt 00:00:12]}
30. axb4 {[%clk 00:12:12]} {[%emt 00:00:05]} Rxf5 {[%clk 00:04:24]} {[%emt
00:00:10]} 31. bxc5 {[%clk 00:12:09]} {[%emt 00:00:12]} Rxf3 {[%clk 00:04:18]}
{[%emt 00:00:16]} 32. cxd6 {[%clk 00:07:45]} {[%emt 00:04:34]} Re2 {[%clk
00:04:17]} {[%emt 00:00:11]} 33. Rf1 {[%clk 00:07:48]} {[%emt 00:00:07]} Rd2
{[%clk 00:04:16]} {[%emt 00:00:09]} 34. Rbd1 {[%clk 00:07:32]} {[%emt
00:00:29]} Rfd3 {[%clk 00:04:25]} {[%emt 00:00:01]} 35. Rxd2 {[%clk 00:07:35]}
{[%emt 00:00:06]} Rxd2 {[%clk 00:04:34]} 36. Rc1 {[%clk 00:07:37]} {[%emt
00:00:08]} Rxd6 {[%clk 00:04:42]} {[%emt 00:00:02]} 37. Rc6 {[%clk 00:07:39]}
{[%emt 00:00:08]} 1-0

[Event "ABC 2024 Utrecht, Groep A"]
[Site "Utrecht"]
[Date "2024.03.09"]
[Round "4.4"]
[White "Aarts, Joaquin"]
[Black "Kleibeuker, Mika"]
[Result "1-0"]
[WhiteElo "1892"]
[BlackElo "1926"]

1. d4 {[%clk 00:55:12]} {[%emt 00:00:06]} d5 {[%clk 00:55:17]} {[%emt
00:00:03]} 2. c4 {[%clk 00:55:18]} {[%emt 00:00:04]} c6 {[%clk 00:55:25]}
{[%emt 00:00:03]} 3. Nc3 {[%clk 00:55:14]} {[%emt 00:00:14]} Nf6 {[%clk
00:55:29]} {[%emt 00:00:06]} 4. Nf3 {[%clk 00:55:05]} {[%emt 00:00:19]} dxc4
{[%clk 00:55:34]} {[%emt 00:00:05]} 5. a4 {[%clk 00:55:10]} {[%emt 00:00:06]}
Bf5 {[%clk 00:55:41]} {[%emt 00:00:03]} 6. Ne5 {[%clk 00:55:15]} {[%emt
00:00:05]} Nbd7 {[%clk 00:55:40]} {[%emt 00:00:10]} 7. Nxc4 {[%clk 00:55:19]}
{[%emt 00:00:05]} Qc7 {[%clk 00:55:48]} {[%emt 00:00:02]} 8. g3 {[%clk
00:55:23]} {[%emt 00:00:07]} e5 {[%clk 00:55:55]} {[%emt 00:00:03]} 9. dxe5
{[%clk 00:55:29]} {[%emt 00:00:04]} Nxe5 {[%clk 00:56:00]} {[%emt 00:00:05]} 10.
Bf4 {[%clk 00:55:36]} {[%emt 00:00:03]} Nfd7 {[%clk 00:56:00]} {[%emt
00:00:09]} 11. Bg2 {[%clk 00:55:40]} {[%emt 00:00:07]} g5 {[%clk 00:56:02]}
{[%emt 00:00:08]} 12. Ne3 {[%clk 00:55:46]} {[%emt 00:00:04]} gxf4 {[%clk
00:55:54]} {[%emt 00:00:18]} 13. Nxf5 {[%clk 00:55:51]} {[%emt 00:00:03]} O-O-O
{[%clk 00:50:29]} {[%emt 00:05:37]} 14. Qc2 {[%clk 00:55:52]} {[%emt 00:00:09]}
Nc5 {[%clk 00:44:13]} {[%emt 00:06:26]} 15. O-O {[%clk 00:55:47]} {[%emt
00:00:15]} fxg3 {[%clk 00:44:13]} {[%emt 00:00:10]} 16. hxg3 {[%clk 00:55:49]}
{[%emt 00:00:08]} Ne6 {[%clk 00:37:46]} {[%emt 00:06:37]} 17. Rfd1 {[%clk
00:48:19]} {[%emt 00:07:39]} Bc5 {[%emt 00:19:45]} 18. Ne4 {[%clk 00:38:50]}
Bb6 {[%clk 00:27:56]} {[%emt 00:00:05]} 19. b4 {[%clk 00:35:45]} {[%emt
00:03:15]} Nd4 {[%clk 00:24:40]} {[%emt 00:03:26]} 20. Nxd4 {[%clk 00:33:59]}
{[%emt 00:01:56]} Bxd4 {[%clk 00:24:42]} {[%emt 00:00:08]} 21. Rab1 {[%clk
00:31:40]} {[%emt 00:02:29]} Ng4 {[%clk 00:17:01]} {[%emt 00:07:51]} 22. e3
{[%clk 00:30:34]} {[%emt 00:01:16]} Be5 {[%clk 00:16:12]} {[%emt 00:00:59]} 23.
Nc5 {[%clk 00:28:03]} {[%emt 00:02:41]} Kb8 {[%clk 00:14:11]} {[%emt 00:02:11]}
24. b5 {[%clk 00:25:57]} {[%emt 00:02:17]} Bxg3 {[%clk 00:11:38]} {[%emt
00:02:42]} 25. Na6+ {[%clk 00:23:56]} {[%emt 00:02:11]} bxa6 {[%clk 00:09:25]}
{[%emt 00:02:24]} 26. bxa6+ {[%clk 00:23:55]} {[%emt 00:00:11]} Kc8 {[%clk
00:08:55]} {[%emt 00:00:40]} 27. Qf5+ {[%clk 00:23:36]} {[%emt 00:00:28]} Rd7
{[%clk 00:08:40]} {[%emt 00:00:25]} 28. Qxg4 {[%clk 00:23:07]} {[%emt
00:00:39]} Bxf2+ {[%clk 00:07:29]} {[%emt 00:01:21]} 29. Kxf2 {[%clk 00:22:47]}
{[%emt 00:00:29]} f5 {[%clk 00:07:14]} {[%emt 00:00:26]} 30. Qxf5 {[%clk
00:22:22]} {[%emt 00:00:34]} Kd8 {[%clk 00:07:17]} {[%emt 00:00:07]} 31. Rb8+
{[%clk 00:21:16]} {[%emt 00:01:16]} 1-0